Quizzes
Events
Quiz Creation
Community
Videos
Private Events
Remove Ads
Sign In
Join for FREE
Feedback
Dark Mode
Quiz Categories
Sports
Geography
Music
Movies
Television
Just For Fun
Miscellaneous
History
Literature
Language
Science
Gaming
Entertainment
Religion
Holiday
For Kids
Quiz Lab
Recent
Popular Today
Quiz Kudos Today
Editor Picks
Curator Picks
Quizzes by...
Day
Popularity
Type
Ratings
Length
Year
Community
Subscriptions
Recent Discussions
Orange Saloon
Badges
Playlists
Quests
Create
Leaderboards
Showdown
Live 5
Trivia Bingo
Activity
Puzzle Library
Sporcle Events
Private Events
Virtual Trivia
Globe League
Become a Host
Pub Owners
SporcleCon
Opinionation
Our Games
Videos
Blog
Mobile Apps
Partnerships
Remove Ads and Go Orange
Feedback
Movies
Disney
Marvel Cinematic Universe
Movie Resume
Movie Titles
Oscar
Actor
Actress
Director
Pixar
Role
Movie Quotes
Movie Characters
Box Office
Nominee
Best Picture
Star Wars
James Bond
Horror Movies
Movies
Disney
Marvel Cinematic Universe
Movie Resume
Movie Titles
Oscar
Actor
Actress
Director
Pixar
Role
Movie Quotes
Movie Characters
Box Office
Nominee
Best Picture
Star Wars
James Bond
Horror Movies
Random Quiz
Search Sporcle
×
Quiz Lab
Quiz Lab
Movies
Song
Type in answers that appear in a list
Type in answers that appear in a list
Classic
Best Score? Go Orange.
25 Best Movie Scores Stats
Can you name the 25 best movie scores according to the AFI?
By
Cryptus
6m
25 Questions
382 Plays
382 Plays
382 Plays
Comments
Comments
Give Quiz Kudos
Give Quiz Kudos
-
- Ratings
hide this ad
Replay
Link that replays current quiz
Next Quiz
Link to next quiz in quiz playlist
You Got
0%
They Got
Avg Score
31%
Avg Friend Score
Upgrade to see
Score Distribution
Jump to the score distribution portion of the page
Score
0/25
Timer
06:00
0
Plays Today
Rank
Movie
% Correct
1
Star Wars
93.7%
2
Gone with the Wind
79.3%
5
The Godfather
69.6%
6
Jaws
65.1%
14
E.T. the Extra-Terrestrial
60.6%
3
Lawrence of Arabia
50.9%
4
Psycho
50.9%
12
Vertigo
33.9%
21
Ben-Hur
33.6%
13
King Kong
30.2%
9
Chinatown
25.5%
15
Out of Africa
24.4%
22
On the Waterfront
21.8%
Rank
Movie
% Correct
17
To Kill a Mockingbird
19.7%
16
Sunset Boulevard
18.9%
10
High Noon
15.7%
8
The Magnificent Seven
13.4%
18
Planet of the Apes
13.4%
19
A Streetcar Named Desire
12.3%
23
The Mission
12.3%
11
The Adventures of Robin Hood
8.1%
24
On Golden Pond
7.9%
7
Laura
6.8%
20
The Pink Panther
6.3%
25
How the West Was Won
6%
Quiz Playlist
Details
Report
Send in Message
Add To Playlist
Classic:
Type in answers that appear in a list
Quiz Source
Last Updated: Feb 16, 2017
Quiz Scoreboard
CHALLENGE
Sign Up to Join the Scoreboard
Show All
Scores
Hide
Comments
May contain spoilers
Recently Published
Billboard Blitz: Fleetwood Mac
by CooCooCachoo
Music
15s
Presidents Visiting Landmarks
by Hejman
History
7m
An Introduction to Baseball
by treessimontrees
Sports
5m
More to Explore
Quiz From the Vault
Featured Blog Post
Where Did the Easter Bunny Come From?
hide this ad
You Might Also Like...
Tags
Song Quiz
Composer
Movie Scores
score
Top 25
Today's Top Quizzes in Movies
Browse Movies
hide this ad
Today's Top Quizzes in Song
Browse Song
Top Contributed Quizzes in Movies
1
Pick 5 Posters: Directed by Spielberg
2
7-to-1: Pixar Characters
3
Pick 5 Posters: Lowest-Rated Spielberg
4
Pick 5 Posters: Directed by Scorsese
5
Sorting Actors
6
Sorting Actresses
7
Pick 5 Posters: Star & Director
8
Pick 5 Posters: Women Directed 2020s
9
12 Movies about Fictional 1960s Events
10
Multi-Oscar Nominations, One Movie, One Winner
Explore More
Trending Topics
Marvel
Kpop
NBA
Disney
Crossword
Harry Potter
Anime
Song
NFL
Pokémon
Country
The Office
Puzzle
Soccer
WWE
hide this ad
More By:
Cryptus
Quiz
Plays
Rating
Category
Featured
Created
Top 100 Surnames (U.K.)
152,249
4.59
Miscellaneous
Apr 6, 2010
Common Beginnings: English League FC
72,719
4.60
Sports
Sep 14, 2011
Quick Prime Number Click
57,880
4.37
Just For Fun
Mar 2, 2016
Click the Trees
57,215
4.14
Science
Sep 17, 2012
London Underground Termini
52,836
4.15
Geography
Sep 29, 2009
Go to Creator's Profile
Score Distribution
Quiz Creator Spotlight
Cryptus
Follow
Send a Message
Quizzes Created
-
Created Quiz Play Count
-
More By This Creator
Popular Quizzes Today
1
Find the US States - No Outlines Minefield
2
Find the Countries of Europe - No Outlines Minefield
3
The Countries of the World
4
Find the US States
5
Risky Map Clicking: Biggest States A-Z
6
US States
7
Popular People in 1961
8
Movies - When Are They Set?
More Movies Quizzes
1965 Minimalist Movie Posters
Quiz Lab
Trending Quizzes
Risky Map Clicking: Least Populous States A-Z
1-10 Letter G Words
1-10 Letter F Words
Risky Map Clicking: Next State Alphabetically
Risky Map Clicking: Biggest States A-Z
Recently Updated
Leaping Animals
pecheneg
Reality TV Shows (A-Z)
bhenderson79
Rickey Henderson's Hall of Fame Teammates
pecheneg
Champions League XIs: Arsenal
pecheneg
Quick Pick: Celebrities in WWE's Hall of Fame
aduchscher
A-Z Keypad Blitz II
pecheneg
Multiple Oscar Actors
pecheneg
Mystery Phrase Blitz: Oscar 'Best Actors'
pecheneg
F. Scott Fitzgerald Novels
LTH
Pick 3 Villains
ddd62291
Trending Topics
Harry Potter
Crossword
NBA
Kpop
Disney
Anime
Marvel
Song
WWE
Pokémon
Puzzle
Soccer
NFL
Country
The Office
Your Account Isn't Verified!
In order to create a playlist on Sporcle, you need to verify the email address you used during registration. Go to your
Sporcle Settings
to finish the process.
Report this User
Report this user for behavior that violates our
Community Guidelines
.
Details:
Send Report
Go to the Sporcle.com Mobile Site →
Comments